| 000 | 00485 a2200169 4500 | ||
|---|---|---|---|
| 003 | OSt | ||
| 005 | 20231107152154.0 | ||
| 008 | 231107b |||||||| |||| 00| 0 eng d | ||
| 020 | _a9788192034058 | ||
| 040 | _coclc | ||
| 082 |
_a297 _bMAD/K |
||
| 100 |
_aMadani, C Abdul Hameed _94595 |
||
| 245 |
_aKoodikkazhcha / _cCheriyamundam Abdul Hameed Madani |
||
| 260 |
_aKerala: _bDawa Books, _c2022. |
||
| 300 | _a118p | ||
| 942 |
_2ddc _cBK _h297 _iMAD/K _k297 _mMAD/K |
||
| 999 |
_c42865 _d42865 |
||